Bleach characters A-Z - Statistics

General Stats
  • This quiz has been taken 60 times
  • The average score is 11 of 23
Answer Stats
Letter Answer % Correct
I Ichigo/Isshin/isane/ichika/izuru/ikkaku/ichibe/izaemon
93%
S Sora/Soken/soi fon/shunsui/Sosuke/Shinji/Sajine/shuhei/sentaro/senjumaru/shukuro/szayelaporro/shaz/shinobu /sawatari
84%
K Kisuke/Kon/Karin/Keigo/Kanae/kaname/kenpachi/kazui/kensei/kiyone/kaien/kirio/kugo
77%
R Rukia/Renji/Ryuken/Retsu/rojuro/rangiku/riruka/Robert/rudbornn/royd
77%
G Genryusai/Gin/genshiro/giriko/grimmjow/gantenbainne/gerard/Gremmy/guenael/giselle
74%
Y Yoruichi/Yasutora/Yuzu/yumichika/yasochika/yushiro/yukio/yammy/yhwach
74%
B Byakuya/bawabawa/baraggan/bambietta/bazz-b/BG9/berenice
72%
U Uryu/ulquiorra
70%
O Orihime/oetsu
65%
N Nanao/Nel/nnoitra/NaNaNa/nianzol
58%
M Masaki/Mizuiro/mayuri/momo/marechiyo/makoto/Moe/mashiro/meninas/mask de masculine/mabashi
56%
T Toshiro/Tatsuki/tetsuzaemon/tenjiro/tier/tatsufusa
56%
L Lisa/love/lilynette/luppi/liltotto/lille/loyd
40%
J Jushiro/jugram/jerome/jorg/jackie/jin
37%
A Aaroniero/askin/as nodt/akon
35%
C Coyote/chizuru/cirucci/charlotte/cyan/cang-du/candice/chojuro
30%
H Hanataro/hiyori/hachigen/hubert/heizo
28%
P Pesche/pernida/PePe
26%
W Wonderweiss
12%
Z Zommari
12%
D Dondochakka/dordoni/driscoll
9%
F Findorr/franceska
2%
Q Quilge
2%
No matching quizzes found
Score Distribution
Percent of People with Each Score
Percentile by Number Answered
Your Score History
You have not taken this quiz